Principales enfermedades de los equinos /

Guardado en:
Autor Principal: Sigre, Beatriz
Formato: Libro
Publicado: Buenos Aires : Albatros, 1982
Materias:
Etiquetas: Agregar Etiqueta
Sin Etiquetas, Sea el primero en etiquetar este registro!
LEADER 00547nam a22001935a 4500
001 CEM.cems016147
008 130507s1982##################000#0#####d
005 20210916170252.0
003 CEMS
245 1 0 |a Principales enfermedades de los equinos /  |c Beatriz Sigre, 
260 |a Buenos Aires :  |b Albatros,  |c 1982 
300 |a 110 p. 
020 |a 9502400003 
100 1 |a Sigre, Beatriz 
082 0 4 |a 636.0896 
653 |a Equinos-enfermedades 
653 |a Equinos 
653 |a Ganadería 
859 |a CEMS  |b BIB. CEMS - Agricultura  |h 636.0896  |i Si26  |p A12242.83  |t Ej.1